Cargando…

Asociaciones publico privadas. Comentarios especiales a la Ley 1508 de 2012 de la República de Colombia

Detalles Bibliográficos
Formato: Electrónico eBook
Idioma:Español
Publicado: [Place of publication not identified] : EDITORIAL UNIVERSIDAD DEL, 2014.
Colección:Book collections on Project MUSE.
Temas:
Acceso en línea:Texto completo

MARC

LEADER 00000cam a22000004a 4500
001 musev2_112892
003 MdBmJHUP
005 20230905054646.0
006 m o d
007 cr||||||||nn|n
008 160908s2014 xx o 00 0 spa d
020 |a 9789587384468 
035 |a (OCoLC)958084359 
040 |a MdBmJHUP  |c MdBmJHUP 
245 0 0 |a Asociaciones publico privadas. Comentarios especiales a la Ley 1508 de 2012 de la República de Colombia 
264 1 |a [Place of publication not identified] :  |b EDITORIAL UNIVERSIDAD DEL,  |c 2014. 
264 3 |a Baltimore, Md. :  |b Project MUSE,   |c 0000 
264 4 |c ©2014. 
300 |a 1 online resource (120 pages). 
336 |a text  |b txt  |2 rdacontent 
337 |a computer  |b c  |2 rdamedia 
338 |a online resource  |b cr  |2 rdacarrier 
505 0 |a Asociaciones Público-Privadas. Comentarios especiales a la Ley 1508 de 2012 de la República de Colombia; Página legal ; Contenido; Prólogo; Introducción; Capítulo I. Los acuerdos de (...); 1.1. Origen y desarrollo de la figura; 1.2. Concepto y características; 1.3. Los acuerdos (...) ; Capítulo II. Bondades y riesgos (...); 2.1. Bondades de la aplicación (...) ; 2.1.1 La Asociación (...) ; 2.1.2 La Asociación (...) ; 2.1.3 Manejo (...) ; 2.1.4 Derecho (...) ; 2.1.5 La (...) ; 2.2. Riesgos en la (...) ; 2.2.1 La representación (...) ; 2.2.2 Costos de (...) ; 2.2.3 Mantenimiento (...). 
505 0 |a 2.2.4 Control (...)Capítulo III. Las asociaciones público-(...); 3.1 Regulación colombiana (...) ; 3.2 Comentarios a (...) ; 3.2.1 Bondades (...) ; 3.2.1.1 Las (...) ; 3.2.1.2 Justificación (...) ; 3.2.1.3 Derecho (...) ; 3.2.1.4 Limitaciones (...) ; 3.2.1.5 Tasa (...); 3.2.1.6 Tope (...) ; 3.2.1.7 Limitación (...) ; 3.2.1.8 Las app (...) ; 3.2.2 Inconvenientes (..) ; 3.2.2.1 Las (...) ; 3.2.2.2 Public (...) ; 3.2.2.3 Y (...) ; 3.2.2.4 Aportes (...) ; 3.2.2.5 Plazo (...) ; 3.2.2.6 Preferencia (...) ; 3.2.2.7 Manejo (...) ; 3.2.2.8 Definición (...) ; 3.2.2.9 La (...) ; 3.2.2.10 La (...). 
505 0 |a Capítulo IV. Las asociaciones público (...)Conclusiones; Bibliografía. 
588 |a Description based on print version record. 
650 7 |a Public administration.  |2 fast  |0 (OCoLC)fst01081976 
650 7 |a Contracts.  |2 fast  |0 (OCoLC)fst00876969 
650 7 |a Bureaucracy.  |2 fast  |0 (OCoLC)fst00841702 
650 7 |a Administrative law.  |2 fast  |0 (OCoLC)fst00796846 
650 6 |a Contrats  |z Colombie. 
650 6 |a Bureaucratie  |z Colombie. 
650 6 |a Administration publique (Science)  |z Colombie. 
650 0 |a Contracts  |z Colombia. 
650 0 |a Bureaucracy  |z Colombia. 
650 0 |a Public administration  |z Colombia. 
650 0 |a Administrative law  |z Colombia. 
651 7 |a Colombia.  |2 fast  |0 (OCoLC)fst01205916 
655 7 |a Electronic books.   |2 local 
710 2 |a Project Muse.  |e distributor 
830 0 |a Book collections on Project MUSE. 
856 4 0 |z Texto completo  |u https://projectmuse.uam.elogim.com/book/112892/ 
945 |a Project MUSE - Custom Collection